Code of measurement for building works in Iraq (Record no. 96913)

MARC details
000 -LEADER
fixed length control field 00579cam a2200205 4500
001 - CONTROL NUMBER
control field D6060
008 - FIXED-LENGTH DATA ELEMENTS--GENERAL INFORMATION
fixed length control field 090401t1957 xxu||||| |||| 00| 0 eng d
035 ## - SYSTEM CONTROL NUMBER
System control number (Sirsi) u83765
041 ## - LANGUAGE CODE
Language code of text/sound track or separate title eng
050 ## - LIBRARY OF CONGRESS CALL NUMBER
Classification number 692.309567
110 ## - MAIN ENTRY--CORPORATE NAME
Corporate name or jurisdiction name as entry element Iraq. Directorate of Engineering and Military Works
9 (RLIN) 2665
245 ## - TITLE STATEMENT
Title Code of measurement for building works in Iraq
260 ## - PUBLICATION, DISTRIBUTION, ETC.
Place of publication, distribution, etc. Baghdad
Name of publisher, distributor, etc. Directorate of Engineering and Military
Date of publication, distribution, etc. 1957
300 ## - PHYSICAL DESCRIPTION
Extent 90p. 21cm
350 ## - PRICE (NR) (BK AM CF MU VM SE) [OBSOLETE]
Price 0
520 ## - SUMMARY, ETC.
Summary, etc. Filed at SMM 1957/1B
710 ## - ADDED ENTRY--CORPORATE NAME
Corporate name or jurisdiction name as entry element Ministry of Defence
9 (RLIN) 577
942 ## - ADDED ENTRY ELEMENTS (KOHA)
Suppress in OPAC 0
948 ## - LOCAL PROCESSING INFORMATION (OCLC); SERIES PART DESIGNATOR (RLIN)
c (OCLC) 04/03/1997
Holdings
Withdrawn status Lost status Source of classification or shelving scheme Damaged status Not for loan Home library Current library Shelving location Date acquired Total Checkouts Full call number Barcode Date last seen Copy number Price effective from Koha item type
    Other/Generic Classification Scheme     London London Gallery 15/01/1992   SMM 1957/1 30032196 06/08/2019 1 06/08/2019 Reference material